Score 0/45 Timer 03:00
19 Plays Today
% Correct
Red
74.5%
April
74.4%
Pacific
73.1%
Wendy's
72.8%
Neptune
72.8%
Spades
72.5%
Grapefruit
72.1%
Cheddar
71.9%
Elbow
71.6%
Idaho
71.5%
Seven
70.5%
Triangle
69.6%
Kenya
69.5%
Bishop
69.1%
Opal
69%
Tenor
68.8%
Vodka
68.7%
Maggie
68.5%
Roosevelt
68.4%
Othello
68.4%
Doc
68.2%
Hufflepuff
67.2%
Firefox
67.2%
% Correct
Division
67%
Posh
66.8%
Port
65.8%
Greece
65.8%
Harrison
64.8%
Cornell
64.1%
Aurora
64.1%
Snap
63%
Gram
61.2%
Nickel
60.5%
Moe
60.4%
Blackhawks
57.2%
Steelers
56.6%
Bobby
55.8%
Scully
54.3%
Anne
50.7%
Zeppo
50%
Argo
48.2%
Woodstock
47.7%
Twins
45.4%
Jazz
45.1%
Munich
30%
Remove Ads.
Support Sporcle.
Get the best of Sporcle when you Go Orange. This ad-free experience offers more features, more stats, and more fun while also helping to support Sporcle. Thank you for becoming a member.

You're not logged in!

Compare scores with friends on all Sporcle quizzes.
OR
Log In

Show Comments

Extras

Top Quizzes Today


Score Distribution

Your Account Isn't Verified!

In order to create a playlist on Sporcle, you need to verify the email address you used during registration. Go to your Sporcle Settings to finish the process.

Report this User

Report this user for behavior that violates our Community Guidelines.

Details: